000
00427nam a2200145Ia 4500
008
100122s9999 xx 000 0 und d
082
_b
43418
_a
823.08
100
_a
गंडभीर ललिता
245
_a
पश्चिमगंध
260
_b
नीहारा प्रकाशन
_c
1989
300
_a
144
630
_a
पश्चिमगंध
730
_a
पश्चिमगंध
942
_c
BOOK
999
_c
423474
_d
423471